Loading...
| Science - Physics | 0 | 10 | 1 | 2 | 95 | 46 | 96.00 | 1 | 4 | 0.00 | 0.00 |
| Fine Arts - Classical Music | 0 | 10 | 3 | 1 | 85 | 51 | 81.50 | 2 | 5 | 0.00 | 0.00 |
| Science - Other | 0 | 9 | 2 | 2 | 80 | 42 | 96.33 | 3 | 4 | 0.00 | 0.00 |
| Literature - American | 0 | 7 | 0 | 1 | 70 | 40 | 120.57 | 1 | 1 | 0.00 | 0.00 |
| Science - Chemistry | 0 | 7 | 2 | 3 | 60 | 69 | 111.00 | 1 | 3 | 0.00 | 0.00 |
| Literature - European | 0 | 6 | 1 | 0 | 55 | 56 | 101.50 | 1 | 2 | 0.00 | 0.00 |
| Science - Biology | 0 | 5 | 0 | 3 | 50 | 64 | 112.00 | 1 | 1 | 0.00 | 0.00 |
| Literature - British | 0 | 5 | 1 | 1 | 45 | 46 | 101.60 | 1 | 2 | 0.00 | 0.00 |
| Fine Arts - Other | 0 | 2 | 0 | 0 | 20 | 74 | 108.00 | 0 | 1 | 0.00 | 0.00 |
| Philosophy | 0 | 1 | 0 | 0 | 10 | 143 | 143.00 | 0 | 0 | 0.00 | 0.00 |
| Other Academic | 0 | 1 | 0 | 1 | 10 | 123 | 123.00 | 0 | 0 | 0.00 | 0.00 |
| Mythology | 0 | 1 | 0 | 0 | 10 | 140 | 140.00 | 0 | 0 | 0.00 | 0.00 |
| Literature - World | 0 | 0 | 2 | 0 | -10 | 0.00 | 0 | 0 | 0.00 | 0.00 |